Applied and Computational Fluid Mechanics (Record no. 609052)
[ view plain ]
| 000 -LEADER | |
|---|---|
| fixed length control field | 00276nam a22001097a 4500 |
| 040 ## - CATALOGING SOURCE | |
| Transcribing agency | SCME |
| 100 ## - MAIN ENTRY--PERSONAL NAME | |
| Personal name | Post, Scott |
| 9 (RLIN) | 122594 |
| 245 ## - TITLE STATEMENT | |
| Title | Applied and Computational Fluid Mechanics |
| 260 ## - PUBLICATION, DISTRIBUTION, ETC. | |
| Place of publication, distribution, etc. | Sudbury, Mass. |
| Name of publisher, distributor, etc. | Jones and Bartlett |
| Date of publication, distribution, etc. | 2011 |
| 300 ## - PHYSICAL DESCRIPTION | |
| Extent | 524 p |
| 942 ## - ADDED ENTRY ELEMENTS (KOHA) | |
| Source of classification or shelving scheme | |
| Koha item type | Book |
| Withdrawn status | Lost status | Source of classification or shelving scheme | Damaged status | Not for loan | Permanent Location | Current Location | Date acquired | Barcode | Date last seen | Copy number | Price effective from | Koha item type |
|---|---|---|---|---|---|---|---|---|---|---|---|---|
| School of Chemical & Materials Engineering (SCME) | School of Chemical & Materials Engineering (SCME) | 05/13/2024 | 620.106 S4241A | 05/13/2024 | SCME-4203 | 05/13/2024 | Book |
